[Event "ISL-chT2 1617"]
[Site "Reykjavik"]
[Date "2017.03.04"]
[Round "7.1"]
[White "Finnsson, Johann Arnar"]
[Black "Vigfusson, Vigfus Odon"]
[Result "0-1"]
[WhiteElo "1619"]
[BlackElo "1957"]
[PlyCount "82"]
[EventDate "2016.09.30"]
[EventType "team-tourn"]
[EventRounds "7"]
[EventCountry "ISL"]
[SourceTitle "EXT 2018"]
[Source "ChessBase"]
[SourceDate "2017.10.13"]
[SourceVersion "1"]
[SourceVersionDate "2017.10.13"]
[SourceQuality "1"]
[WhiteTeam "Fjolnis II"]
[BlackTeam "Huginn III"]
[WhiteTeamCountry "ISL"]
[BlackTeamCountry "ISL"]

1. c4 e6 2. Nc3 d5 3. d4 Nf6 4. Bg5 Be7 5. e3 0-0 6. Nf3 c6 7. Bd3 dxc4 8. Bxc4 b5 9. Bd3 Bb7 10. 0-0 Nbd7 11. Qc2 h6 12. Bh4 a6 13. Ne4 Nxe4 14. Bxe7 Qxe7 15. Bxe4 Rfc8 16. Ne5 Nxe5 17. dxe5 c5 18. Rfd1 Bxe4 19. Qxe4 Ra7 20. Rd6 c4 21. Rad1 a5 22. f4 b4 23. f5 exf5 24. Qxf5 Rac7 25. Rd7 g6 26. Rxe7 gxf5 27. Rxc7 Rxc7 28. Rc1 Kf8 29. Kf2 Ke7 30. Kf3 Ke6 31. Kf4 c3 32. b3 Rd7 33. a3 Rd2 34. axb4 axb4 35. Ra1 Rf2+ 36. Kg3 Rb2 37. Kf4 Rxb3 38. Ra6+ Kd7 39. Rd6+ Kc7 40. Rd3 Rb2 41. Kxf5 c2 0-1

[Event "ISL-chT2 1415"]
[Site "Reykjavik"]
[Date "2014.10.04"]
[Round "2"]
[White "Thorsteinsdottir, Gudlaug"]
[Black "Vigfusson, Vigfus Odon"]
[Result "0-1"]
[WhiteElo "2006"]
[BlackElo "1963"]
[PlyCount "60"]
[EventDate "2014.10.03"]
[EventType "team-tourn"]
[EventRounds "7"]
[EventCountry "ISL"]
[SourceTitle "EXT 2016"]
[Source "ChessBase"]
[SourceDate "2015.10.08"]
[SourceVersion "1"]
[SourceVersionDate "2015.10.08"]
[SourceQuality "1"]
[WhiteTeam "Gardabaer"]
[BlackTeam "Huginn III"]
[WhiteTeamCountry "ISL"]
[BlackTeamCountry "ISL"]

1. d4 Nf6 2. c4 e6 3. Nf3 b6 4. Nc3 Bb7 5. Bg5 Bb4 6. Qb3 a5 7. a3 Be7 8. e3 h6 9. Bh4 0-0 10. Qc2 d5 11. cxd5 Nxd5 12. Bxe7 Qxe7 13. Be2 c5 14. 0-0 Nd7 15. Rfd1 Rac8 16. Qd2 Rfd8 17. Nb5 e5 18. Rac1 cxd4 19. exd4 e4 20. Rxc8 Rxc8 21. Ne1 e3 22. fxe3 Nxe3 23. Rb1 Nxg2 24. Nxg2 Bxg2 25. Re1 Bc6 26. Bg4 Qh4 27. Bxd7 Bxd7 28. Nc3 Rc6 29. Nd5 Rg6+ 30. Kh1 Bc6 0-1

[Event "ISL-chT 1415"]
[Site "Reykjavik"]
[Date "2014.10.02"]
[Round "1.3"]
[White "Sigfusson, Sigurdur Dadi"]
[Black "Vigfusson, Vigfus Odon"]
[Result "1-0"]
[WhiteElo "2307"]
[BlackElo "1963"]
[PlyCount "75"]
[EventDate "2014.10.02"]
[EventType "team-tourn"]
[EventRounds "9"]
[EventCountry "ISL"]
[SourceTitle "EXT 2015"]
[Source "ChessBase"]
[SourceDate "2014.11.20"]
[SourceVersion "1"]
[SourceVersionDate "2014.11.20"]
[SourceQuality "1"]
[WhiteTeam "Huginn"]
[BlackTeam "Huginn II"]
[WhiteTeamCountry "ISL"]
[BlackTeamCountry "ISL"]

1. e4 c5 2. Nf3 e6 3. d4 cxd4 4. Nxd4 a6 5. Bd3 Nf6 6. 0-0 Qc7 7. Be3 Nc6 8. Nc3 Be7 9. Qe2 0-0 10. Kh1 d6 11. f4 Bd7 12. Bg1 Nxd4 13. Bxd4 e5 14. fxe5 dxe5 15. Rxf6 Bxf6 16. Nd5 Qd6 17. Bc3 Rfe8 18. Rf1 Bd8 19. Bc4 Rc8 20. Qd3 Qg6 21. Nb6 Bxb6 22. Bxf7+ Qxf7 23. Rxf7 Bb5 24. Qf3 Rf8 25. Rf5 Bd4 26. Bxd4 exd4 27. Qb3+ Kh8 28. h3 Rxf5 29. exf5 h6 30. a4 Bc6 31. Kh2 Re8 32. Qd3 Bxa4 33. Qxd4 Bxc2 34. f6 gxf6 35. Qxf6+ Kg8 36. Qxh6 Be4 37. g4 Bc6 38. Kg3 1-0

[Event "Reykjavik op"]
[Site "Reykjavik"]
[Date "2009.03.30"]
[Round "7"]
[White "Vigfusson, Vigfus Odon"]
[Black "Olafsson, Thorvadur F"]
[Result "0-1"]
[WhiteElo "2027"]
[BlackElo "2182"]
[PlyCount "52"]
[EventDate "2009.03.24"]
[EventType "swiss"]
[EventRounds "9"]
[EventCountry "ISL"]
[SourceTitle "CBM 129 Extra"]
[Source "ChessBase"]
[SourceDate "2009.05.05"]
[SourceVersion "2"]
[SourceVersionDate "2009.05.20"]
[SourceQuality "1"]

1. c4 Nf6 2. Nc3 g6 3. g3 Bg7 4. Bg2 0-0 5. e4 d6 6. Nge2 e5 7. 0-0 Nc6 8. d3 Nh5 9. Rb1 a5 10. a3 f5 11. b4 axb4 12. axb4 f4 13. f3 fxg3 14. hxg3 Rf7 15. b5 Nd4 16. Nxd4 exd4 17. Ne2 Be5 18. f4 Bg4 19. Bf3 Qd7 20. Bxg4 Qxg4 21. fxe5 Nxg3 22. Nxg3 Qxg3+ 23. Kh1 Qh3+ 24. Kg1 Qg3+ 25. Kh1 Rxf1+ 26. Qxf1 Rf8 0-1

[Event "Reykjavik op"]
[Site "Reykjavik"]
[Date "2009.03.25"]
[Round "2"]
[White "Breder, Dennis"]
[Black "Vigfusson, Vigfus Odon"]
[Result "1-0"]
[WhiteElo "2427"]
[BlackElo "2027"]
[PlyCount "77"]
[EventDate "2009.03.24"]
[EventType "swiss"]
[EventRounds "9"]
[EventCountry "ISL"]
[SourceTitle "CBM 129 Extra"]
[Source "ChessBase"]
[SourceDate "2009.05.05"]
[SourceVersion "2"]
[SourceVersionDate "2009.05.20"]
[SourceQuality "1"]

1. d4 Nf6 2. Bg5 d5 3. e3 e6 4. c4 c6 5. Nc3 Be7 6. Nf3 Nbd7 7. Rc1 0-0 8. Bd3 dxc4 9. Bxc4 b5 10. Bd3 a6 11. Bxf6 Nxf6 12. a4 Bb7 13. 0-0 Rc8 14. Qe2 Qb6 15. Nd2 c5 16. axb5 cxd4 17. bxa6 dxc3 18. axb7 Rc7 19. bxc3 Qxb7 20. Nf3 Ne4 21. c4 Nc5 22. Bc2 Bf6 23. Nd4 Rd8 24. Nb5 Rcd7 25. Bxh7+ Kf8 26. Bc2 Rd2 27. Qh5 Qc6 28. Rfd1 g6 29. Qg4 Bb2 30. Rb1 Ne4 31. Rxd2 Nxd2 32. Rxb2 Nxc4 33. Rb1 Nd2 34. Nd4 Qc3 35. Rd1 e5 36. Qg5 Re8 37. Ba4 Re7 38. Qf6 Rc7 39. Ne6+ 1-0

[Event "Reykjavik Meistaramot Hellis op"]
[Site "Reykjavik"]
[Date "2009.02.16"]
[Round "5"]
[White "Bjarnason, Saevar"]
[Black "Vigfusson, Vigfus Odon"]
[Result "1-0"]
[WhiteElo "2211"]
[BlackElo "2027"]
[PlyCount "70"]
[EventDate "2009.02.02"]
[EventType "swiss"]
[EventRounds "7"]
[EventCountry "ISL"]
[SourceTitle "EXT 2010"]
[Source "ChessBase"]
[SourceDate "2010.11.25"]
[SourceVersion "1"]
[SourceVersionDate "2010.11.25"]
[SourceQuality "1"]

1. Nf3 Nf6 2. g3 e6 3. Bg2 d5 4. 0-0 Nbd7 5. d3 Bd6 6. Nbd2 0-0 7. e4 c6 8. Re1 dxe4 9. dxe4 e5 10. Nc4 Bc7 11. a4 Qe7 12. b3 Rd8 13. Ba3 Nc5 14. Qc1 b5 15. axb5 cxb5 16. Ne3 Bd6 17. Nh4 g6 18. Nd5 Nxd5 19. exd5 Bb7 20. Qe3 f6 21. c4 a6 22. b4 Na4 23. c5 Bb8 24. d6 Qd7 25. Rac1 Bxg2 26. Kxg2 Ba7 27. Qb3+ Qf7 28. Qf3 Rac8 29. Rcd1 f5 30. Qe2 e4 31. Kg1 Qb3 32. Qd2 a5 33. Qg5 Qe6 34. Ng2 axb4 35. Bxb4 Rc6 1-0

[Event "Reykjavik op 23rd"]
[Site "Reykjavik"]
[Date "2008.03.06"]
[Round "4"]
[White "Vigfusson, Vigfus Odon"]
[Black "Kristinardottir, Elsa Maria"]
[Result "0-1"]
[WhiteElo "2052"]
[BlackElo "1721"]
[PlyCount "120"]
[EventDate "2008.03.03"]
[EventType "swiss"]
[EventRounds "9"]
[EventCountry "ISL"]
[SourceTitle "CBM 123 Extra"]
[Source "ChessBase"]
[SourceDate "2008.05.06"]
[SourceVersion "1"]
[SourceVersionDate "2008.05.06"]
[SourceQuality "1"]

1. c4 c6 2. g3 d5 3. b3 Nf6 4. Bb2 Bf5 5. Bg2 e6 6. Nf3 Ne4 7. d3 Bb4+ 8. Nfd2 Nxd2 9. Nxd2 Qg5 10. f4 Qg6 11. a3 Bc5 12. e4 Bg4 13. Bf3 Bxf3 14. Qxf3 dxe4 15. Nxe4 Be7 16. 0-0 h5 17. f5 exf5 18. Qxf5 Qxf5 19. Rxf5 f6 20. d4 Nd7 21. d5 cxd5 22. cxd5 Nc5 23. d6 Nxe4 24. dxe7 Kf7 25. Re1 Ng5 26. Re2 Rae8 27. a4 Rxe7 28. Rxe7+ Kxe7 29. Ba3+ Ke6 30. Rc5 Rd8 31. Rc7 Rd7 32. Rxd7 Kxd7 33. Kf2 Ke6 34. Ke3 Nf7 35. Bb2 Nd6 36. Bc3 Nf5+ 37. Ke4 Ne7 38. Bd4 a6 39. Bc5 Nd5 40. Bd4 f5+ 41. Kd3 g5 42. Bf2 f4 43. gxf4 Nxf4+ 44. Ke4 Nd5 45. Be1 Nf6+ 46. Kf3 Kf5 47. Ba5 Ne4 48. Bb4 g4+ 49. Ke3 Ng5 50. Bd6 Nf3 51. a5 h4 52. Bc7 Ne5 53. Bd8 h3 54. Kf2 Nd3+ 55. Kg3 Nc5 56. b4 Ne4+ 57. Kh4 Kf4 58. Bc7+ Kf3 59. Bb6 g3 60. Kxh3 Ng5+ 0-1